Sports Quiz

Random Sports Quiz

AL MVP Runners up Quiz Stats

 Plays Quiz not verified by Sporcle

Challenge
Share
Tweet
Embed
Score 0/42 Timer 08:00
0 Plays Today
Year and Team Player % Correct
2002 RangersAlex Rodriguez
96%
1996 MarinersAlex Rodriguez
96%
2010 TigersMiguel Cabrera
95.3%
2006 YankeesDerek Jeter
94.7%
2008 TwinsJustin Morneau
89.3%
2005 Red SoxDavid Ortiz
88.7%
1994 MarinersKen Griffey
86%
2001 AthleticsJason Giambi
84%
2009 YankeesMark Teixeira
83.3%
2000 White SoxFrank Thomas
82%
1992 TwinsKirby Puckett
81.3%
1985 RoyalsGeorge Brett
81.3%
1976 RoyalsGeorge Brett
81.3%
2007 TigersMagglio Ordonez
79.3%
1995 IndiansAlbert Belle
75.3%
1991 TigersCecil Fielder
74%
1990 TigersCecil Fielder
74%
1986 YankeesDon Mattingly
74%
1980 YankeesReggie Jackson
72.7%
1999 Red SoxPedro Martinez
71.3%
1997 YankeesTino Martinez
69.3%
Year and Team Player % Correct
2003 Blue JaysCarlos Delgado
66.7%
1998 Red SoxNomar Garciaparra
66%
1983 OriolesEddie Murray
63.3%
1982 OriolesEddie Murray
63.3%
1987 TigersAlan Trammell
62.7%
1973 OriolesJim Palmer
58.7%
1981 AthleticsRickey Henderson
58%
1993 Blue JaysPaul Molitor
56%
1984 TwinsKent Hrbek
54%
1969 OriolesBoog Powell
47.3%
1988 Red SoxMike Greenwell
45.3%
2004 YankeesGary Sheffield
44%
1978 YankeesRon Guidry
44%
1989 RangersRuben Sierra
36%
1971 AthleticsSal Bando
33.3%
1970 TwinsTony Oliva
32.7%
1974 AthleticsJoe Rudi
28.7%
1972 AthleticsJoe Rudi
28.7%
1979 OriolesKen Singleton
24%
1975 RoyalsJohn Mayberry
20%
1977 RoyalsAl Cowens
12%

You're not logged in!

Compare scores with friends on all Sporcle quizzes.
OR
Log In

You Might Also Like...

Show Comments

Extras

Top Quizzes Today


Score Distribution

Your Account Isn't Verified!

In order to create a playlist on Sporcle, you need to verify the email address you used during registration. Go to your Sporcle Settings to finish the process.

Report this User

Report this user for behavior that violates our Community Guidelines.

Details: